000 00647nam a22001817a 4500
005 20251108175008.0
008 250721s2011 xx 000 0 ara d
082 1 4 _a791.497/فير
100 1 _aفيرتوف، عدنان
_eمؤلف
245 1 0 _aالحقيقة السينمائية والعين السينمائية: مقالات... يوميات... مشاريع /
264 1 _aعمان :
_bدارمجدلاوي للنشر والتوزيع،
_c2011.
300 _a272ص.
650 1 7 _aالسينما
650 1 7 _aالاخراج السينمائي
650 1 7 _aالافلام السينمائية
942 _2ddc
_cBK
999 _c123460
_d123460